Barbie Movies by Cover - Statistics

General Stats
  • This quiz has been taken 816 times
  • The average score is 22 of 30
Answer Stats
Picture Answer % Correct
Barbie as Rapunzel
96%
Barbie of Swan Lake
94%
Barbie: Fairytopia
93%
Barbie in the Nutcracker
90%
Barbie and the Three Musketeers
84%
Barbie in the 12 Dancing Princesses
82%
Barbie and the Diamond Castle
81%
Barbie and the Magic of Pegasus
81%
Barbie in A Christmas Carol
81%
Barbie as the Island Princess
80%
Barbie as the Princess and the Pauper
80%
Barbie in A Mermaid Tale
80%
Barbie: The Princess & the Popstar
80%
Barbie Mariposa and Her Butterfly Fairy Friends
78%
Barbie Presents: Thumbelina
78%
Barbie in a Mermaid Tale 2
77%
Barbie: Princess Charm School
74%
Barbie: A Perfect Christmas
71%
Barbie in the Pink Shoes
70%
Barbie - A Fashion Fairytale
69%
Barbie Fairytopia: Mermaidia
69%
Barbie Fairytopia: Magic of the Rainbow
67%
Barbie: The Pearl Princess
66%
Barbie: A Fairy Secret
64%
Barbie and the Secret Door
64%
The Barbie Diaries
60%
Barbie in Princess Power
57%
Barbie & Her Sisters in a Pony Tale
56%
Barbie Mariposa and the Fairy Princess
50%
Barbie in Rock N Royals
43%
No matching quizzes found
Score Distribution
Percent of People with Each Score
Percentile by Number Answered
Your Score History
You have not taken this quiz